Gardish-e-Rang-e-Chaman\ (Record no. 614151)

000 -LEADER
fixed length control field 00624nam a22001817a 4500
020 ## - INTERNATIONAL STANDARD BOOK NUMBER
International Standard Book Number 9789693526998
082 ## - DEWEY DECIMAL CLASSIFICATION NUMBER
Classification number 891.4393
Author Mark QUR
100 ## - MAIN ENTRY--PERSONAL NAME
Personal name Haider, Qurat-ul-ain
245 ## - TITLE STATEMENT
Title Gardish-e-Rang-e-Chaman\
Statement of responsibility, etc. Qurat-ul-ain Haider
260 ## - PUBLICATION, DISTRIBUTION, ETC.
Place of publication, distribution, etc. Lahore:
Name of publisher, distributor, etc. Sang-e-Meel publications,
Date of publication, distribution, etc. 2014.
300 ## - PHYSICAL DESCRIPTION
Extent 701p.:
Dimensions 25cm.
563 ## - BINDING INFORMATION
Binding note HB
650 ## - SUBJECT ADDED ENTRY--TOPICAL TERM
Topical term or geographic name entry element Urdu literature-Novel
880 ## - ALTERNATE GRAPHIC REPRESENTATION
Linkage 100-01\(3\r
Title قرۃ العین حیدر
880 ## - ALTERNATE GRAPHIC REPRESENTATION
Linkage 245-02\(3\r
Title گردشِ رنگِ چمن\
b قرۃ العین حیدر
880 ## - ALTERNATE GRAPHIC REPRESENTATION
Linkage 260-03\(3\r
Title لاہور:
b سنگِ میل پبلیکیشنز ,
c 2014.
942 ## - ADDED ENTRY ELEMENTS (KOHA)
Source of classification or shelving scheme
Koha item type Book
650 ## - SUBJECT ADDED ENTRY--TOPICAL TERM
-- 1164
Holdings
Withdrawn status Lost status Source of classification or shelving scheme Damaged status Not for loan Permanent Location Current Location Date acquired Total Checkouts Full call number Barcode Date last seen Price effective from Koha item type
          Central Library (CL) Central Library (CL) 07/08/2025   891.4393 QUR CL-D-2941 07/11/2025 07/08/2025 Book
© 2023 Central Library, National University of Sciences and Technology. All Rights Reserved.